Direito Internacional do Trabalho Estudos em Homenagem ao Centenr̀io da OIT /

Detalles Bibliográficos
Autor principal: Maranhao, Ney
Otros Autores: Tourinho Tupinamb,̀ Pedro
Formato: eBook
Lenguaje:portugués
Publicado: San Pablo: LTR, 2019
Materias:
Acceso en línea:Acceso restringido

MARC

LEADER 00000nam a22000007a 4500
005 20191216224556.0
007 cr|||| ||||
008 191216s2019 br |||||s|||| 00||0 por d
020 |a 978-85-301-0052-0 
035 |a 30899 
040 |a vLex 
090 |c 10078  |d 10078 
100 1 |a Maranhao, Ney 
245 1 0 |a Direito Internacional do Trabalho  |h [Recurso electrn̤ico] :  |b Estudos em Homenagem ao Centenr̀io da OIT /  |c Ney Maranhao, Pedro Tourinho Tupinamb̀ 
256 |a Servicio en ln̕ea 
260 |a San Pablo:  |b LTR,  |c 2019 
300 |a 1 recurso electrn̤ico 
500 |a Esta obra ̌uma coletńea de textos de juz̕es do trabalho de 1ð e 2ð graus de diversas regie̳s brasileiras, nô apenas da 8® Regiô, e tambm̌ de personalidades do mundo do Direito que emprestam seus talentos ̉cin̊cia que nos ̌comum a todos. Cada qual, a sua maneira, examinando aspectos relevantes do Direito do Trabalho, material e processual, e indicando suas concluse̳s consoantes a seus convencimentos e suas formaė̳s, lanȧndo olhares sobre diversas nuances do Direito Internacional geral e por igual do Direito Internacional do Trabalho. (...) O leitor poder ̀usufruir de diversas posiė̳s doutrinr̀ias quanto ̉importńcia da OIT na consecuȯ̂ de seu principal objetivo: proporcionar trabalho digno aos seres humanos. 
506 1 |a Disponible solo en los productos indicados  |d vLex Global  |d vLex Global (Academic Edition, excluding Law Schools)  |d vLex Global (U.S. Academic Edition, Law Schools)  |d vLex Global (U.S. Academic Edition, excluding Law Schools)  |d vLex Global (Academic Edition, Law Schools) 
650 0 4 |a Derecho Laboral y Seguridad Social  |z Brasil 
650 0 4 |a Derecho Internacional  |z Brasil 
700 1 |a Tourinho Tupinamb,̀ Pedro 
740 0 |a vLex Libros (Servicio en ln̕ea) 
856 4 0 |u http://vlex.com/source/direito-internacional-do-trabalho-estudos-em-homenagem-ao-centenario-da-oit-30899  |z Acceso restringido 
942 |c BOOK 
999 0 |a Labor Law and Social Security 
999 0 |a International Law